1485 1251 1040 1521 1074 1644 1418 1848 1837 1516 1046 1919 1535 1506 1726 1333 1122 1381 1747 1080 1258 1467 1105 1458 1502 1308 1827 1531 1812 1471 1894 1749 1388 1178 1031 1958 1984 1966 1739 1031 1398 1790 1567 1587 1357 1916 1863 1267 1794 1387 1705 1114 1769 1778 1504 1748 1149 1126 1858 1094 1773 1467 1674 1887 1179 1292 1619 1573 1487 1895 1161 1893 1179 1027 1734 1252 1131 1141 1453 1273 1303 1517 1973 1309 1442 1451 1846 1915 1362 1061 1063 1602 1032 1000 1773 1117 1839 1998 1725 BCNSPRNW ULIB Ver.6.0+V

เปลี่ยนเป็นภาษาไทย

Change to English
 แสดงรายละเอียดบรรณานุกรม
  กลับหน้าหลัก

Brief Record : Get Marc (ISO 2709) : E-mail record : QR code < ปิดหน้าต่าง
LEADER : 00000nam 2200000uu 4500
001    13399111860
003     ULIB
008    110627s2553||||th 000 0 tha d
020    9786167081465
090    นว.^bน387ป 2553
100 0  นัฐชา
245 00 เปลวรักสีรุ่ง/^cนัฐชา
250    พิมพ์ครั้งที่ 1
260    กรุงเทพฯ :^bสมาร์ทบุ๊ค,^c2553
300    376 หน้า
945    ^p250^l0^i028026
995    ทศพร
999 ^a ใช้งานได้ทุกระบบ
รายการนี้ยังไม่มีแท็ก
คุณยังไม่ได้ล็อกอิน คุณสามารถมีกิจกรรมร่วมกับเว็บไซต์ได้ แต่ต้องล็อกอินก่อน ::
  ล็อกอิน

รายการสื่อสารสนเทศ

ลำดับที่ ประเภท เลขเรียก/บาร์โค้ด สถานที่ สถานะ
- ไม่พบข้อมูล -

BibComment


ยังไม่เคยถูกคอมเมนท์

คอมเมนท์ทรัพยากรรายการนี้
  คอมเมนท์: เปลวรักสีรุ่ง นัฐชา


 Copyright 2026. Bcnsprnw @Library